| 000 | 00000nam##2200000za#4500 |
| 001 | 9.681780 |
| 003 | CaOODSP |
| 005 | 20250319165116 |
| 007 | ta |
| 008 | 150407|2002||||xxc||||| f|0| 0 fre|d |
| 020 | |a0-662-86858-7 |
| 040 | |aCaOODSP|bfre |
| 043 | |an-cn--- |
| 086 | 1 |aH39-608/2002F |
| 110 | 1 |aCanada.|bSanté Canada. |bDirection générale de la santé de la population et de la santé publique. |
| 245 | 10|aVieillir au Canada / |cPublié par la Division du vieillissement et des aînés. |
| 260 | |aOttawa - Ontario : |bSanté Canada. |c2002. |
| 300 | |a43p. : |bgraphiques, cartes, références ; |c28 cm. |
| 563 | |aCouverture souple |
| 590 | |a02-19|b2002-05-10 |
| 691 | 07|aVieillissement|2gcpds |
| 691 | 07|aAîné|2gcpds |
| 691 | 07|aRapport|2gcpds |
| 775 | 08|tCanada's aging population / |w(CaOODSP)9.648495 |
| 776 | 0#|tVieillir au Canada / |w(CaOODSP)9.640002 |